Detalles MARC
| 000 -LIDER |
| fixed length control field |
01034nam a2200325 a 4500 |
| 001 - NÚMERO DE CONTROL |
| Identificador de número de control |
000009127 |
| 003 - IDENTIFICACDOR DE NÚMERO DE CONTROL |
| control field |
DO-SdBNP |
| 005 - DATE AND TIME OF LATEST TRANSACTION |
| control field |
20180214101848.0 |
| 007 - CAMPOS FIJOS DE DESCRIPCIÓN FÍSICA |
| fixed length control field |
000009127 |
| 008 - ELEMENTOS DE LONGITUD FIJA |
| fixed length control field |
090928s2001 dr 000 p spa d |
| 020 ## - ISBN |
| International Standard Book Number |
9993420131 |
| 040 ## - FUENTE DE CATALOGACIÓN |
| Agencia que crea de manera original el registro |
BPMSU |
| Idioma de catalogación |
spa |
| Agencia que realiza la transcripción |
BPMSU |
| 082 ## - NÚMERO DE CLASIFICACIÓN DECIMAL DE DEWEY |
| Classification number |
RD861.44 |
| Item number |
C117c |
| 100 1# - ASIENTO PRINCIPAL -- NOMBRE PERSONAL |
| Nombre personal |
Cabral, Manuel del, |
| Fechas asociadas con el nombre |
1907-1999 |
| 245 10 - MENCIÓN DE TITULO |
| Título |
Compadre Mon / |
| Mención de responsabilidad |
Manuel Del Cabral |
| 260 ## - PUBLICACIÓN, DISTRIBUCIÓN, ETC. (PIE DE IMPRENTA) |
| Lugar de publicación, distribución, etc |
Santo Domingo : |
| Nombre del editor, distribuidor, etc. |
Fundación Manuel del Cabral : |
| -- |
Manatí, |
| Fecha de publicación, distribución, etc |
2001 |
| 300 ## - DESCRIPCIÓN FÍSICA |
| Extensión |
220 p. : |
| Dimensiones |
20 cm. |
| 440 ## - MENCIÓN DE SERIE/ENTRADA SECUNDARIA--TÍTULO |
| Nombre de la parte o sección de una obra |
Obras clásicas dominicanas |
| 650 #4 - ENCABEZAMIENTO DE MATERIA--TEMÁTICO |
| Término temático o nombre geográfico como elemento de entrada |
POESÍA DOMINICANA |
| 650 #4 - ENCABEZAMIENTO DE MATERIA--TEMÁTICO |
| Término temático o nombre geográfico como elemento de entrada |
LITERATURA DOMINICANA |
| 830 ## - ASIENTO SECUNDARIO DE SERIE--TÍTULO UNIFORME |
| Nombre de la parte o sección de una obra |
Obras clásicas dominicanas |
| 910 ## - VALIDACIÓN |
| Validación |
Validado. Control de calidad MFF |
| 930 #1 - EQUIVALENCE OR CROSS-REFERENCE-UNIFORM TITLE HEADING [LOCAL, CANADA] |
| Language of a work |
BND01 |
| Medium of performance for music |
LF1 |
| Field link and sequence number |
20090928 |
| Date of a work |
01 |
| Name of part/section of a work |
HD |
| Miscellaneous information |
4411 |
| 942 ## - ADDED ENTRY ELEMENTS (KOHA) |
| Source of classification or shelving scheme |
Dewey Decimal Classification |
| Koha item type |
Libros |
| 945 ## - INFORMACIÓN DE PROCESAMIENTO LOCAL |
| Información de procesamiento local |
inventariado, 2018 / dg |
| 956 ## - LOCAL ELECTRONIC LOCATION AND ACCESS (OCLC) |
| Nombre de host |
IGARCIA |
| Número de acceso |
10 |
| Información de compresión |
20090929 |
| Inicio de sesión |
BND01 |
| Procesador de solicitud |
1431 |
| 956 ## - LOCAL ELECTRONIC LOCATION AND ACCESS (OCLC) |
| Nombre de host |
MGARCIA |
| Número de acceso |
10 |
| Información de compresión |
20100311 |
| Inicio de sesión |
BND01 |
| Procesador de solicitud |
1545 |
| 956 ## - LOCAL ELECTRONIC LOCATION AND ACCESS (OCLC) |
| Nombre de host |
MFILETO |
| Número de acceso |
04 |
| Información de compresión |
20130405 |
| Inicio de sesión |
BND01 |
| Procesador de solicitud |
1509 |
| 956 ## - LOCAL ELECTRONIC LOCATION AND ACCESS (OCLC) |
| Nombre de host |
VMATEO |
| Número de acceso |
10 |
| Información de compresión |
20150410 |
| Inicio de sesión |
BPMSU |
| Procesador de solicitud |
00151 |